000 00611cam a22002053a 4500
001 39829
003 PGUSA
005 20140828083904.0
008 120528s2012||||xxu|||||s|||||000 | eng d
040 _aPGUSA
_beng
042 _adc
100 1 _aGerry, Margarita Spalding
245 1 4 _aThe Toy Shop :
_bA Romantic Story of Lincoln the Man
_h[electronic resource] /
_cMargarita Spalding Gerry
260 _bProject Gutenberg,
_c2012
506 _aPublic domain in the USA.
516 _aElectronic text
830 0 _aProject Gutenberg
_v39829
856 4 0 _uhttp://www.gutenberg.org/ebooks/39829
942 _cEB
999 _c269082
_d269082